| 000 | 00579nam a22001697a 4500 | ||
|---|---|---|---|
| 005 | 20260304152916.0 | ||
| 008 | 260225b |||||||| |||| 00| 0 eng d | ||
| 050 | _aLB 1025.3 .G 75 2012 | ||
| 100 | _aGRIFFITH, ANDY | ||
| 245 | _aOUTSTANDING TEACHING ENGAGING LEARNERS | ||
| 260 |
_aCARMATHEN, WALES, _bCROWN HOUSE PUBLISHING LIMITED, _c2012, |
||
| 300 | _aX, 189 P, ILL | ||
| 500 | _aINCLUDES BIBLIOGRAPHICAL REFERENCES AND INDEX | ||
| 650 | _aTeaching-Methodology, Classroom management, Effective teaching, Teacher training | ||
| 700 | _aBURNS MARK | ||
| 942 |
_2lcc _cBK |
||
| 999 |
_c216678 _d216678 |
||